| 000 | 00643nam a2200205Ia 4500 | ||
|---|---|---|---|
| 008 | 131103s9999 xx 000 0 und d | ||
| 020 | _cRs.22 | ||
| 040 | _aLoreto College | ||
| 041 | _aEnglish | ||
| 082 |
_a812.08/GAS/812.008/TWE _bLCLIB/13833 |
||
| 245 |
_aTwenty - five best plays of the modern American Theatre _cedited with an introduction by John Gassner |
||
| 260 |
_aNew York _bCrown Publishers _c1962 |
||
| 300 |
_axxviii,756 p. _c 24 cm. |
||
| 440 | _aEarly Series | ||
| 504 | _aIncludes bibliographical references | ||
| 650 | _aAmerican Drama - Collections | ||
| 651 | _aGassner,John,ed. | ||
| 850 | _aLCLIB | ||
| 942 | _cBK | ||
| 999 |
_c11707 _d62186 |
||